[Event "EIRCC 2019"]
[Site "Tallinn"]
[Date "2019.12.06"]
[Round "13.24"]
[White "Studer, Noel"]
[Black "Peterson, Emery"]
[Result "1-0"]
[WhiteElo "2405"]
[BlackElo "2176"]
[Annotator "NA"]
[PlyCount "65"]
[EventDate "2019.12.05"]
[EventType "swiss"]
[EventCountry "EST"]
[SourceTitle "playchess.com"]
[Source "ChessBase"]
[SourceQuality "1"]

1. d4 e6 2. c4 d5 3. Nf3 f5 4. g3 Nf6 5. Bg2 c6 6. O-O Bd6 7. b3 O-O 8. Ba3 Ne4 9. Bxd6 Qxd6 10. Qc2 b6 11. e3 Nd7 12. Rc1 Bb7 13. Nc3 Rac8 14. Qb2 h6 15. Ne1 g5 16. Nd3 Rf7 17. Rc2 Ba6 18. Rd1 h5 19. Ne2 Rcf8 20. f3 Nef6 21. Ne5 Rg7 22. cxd5 cxd5 23. Rc6 Qe7 24. Rc7 Qd6 25. Rdc1 f4 26. exf4 gxf4 27. Nxf4 h4 28. R7c6 Qb4 29. a3 Qa5 30. Nxe6 hxg3 31. Nxg7 gxh2+ 32. Kxh2 Kxg7 33. Bh3 1-0

[Event "EIRCC 2019"]
[Site "Tallinn"]
[Date "2019.12.06"]
[Round "13.25"]
[White "Timerkhanov, Alexander"]
[Black "Bazyrtsyrenov, Kirill"]
[Result "1-0"]
[WhiteElo "2363"]
[BlackElo "1953"]
[Annotator "NA"]
[PlyCount "83"]
[EventDate "2019.12.05"]
[EventType "swiss"]
[EventCountry "EST"]
[SourceTitle "playchess.com"]
[Source "ChessBase"]
[SourceQuality "1"]

1. d4 Nf6 2. Bg5 e6 3. Nd2 d5 4. e3 c5 5. c3 h6 6. Bh4 Nc6 7. Ngf3 Be7 8. Bd3 O-O 9. O-O cxd4 10. exd4 Nh5 11. Bg3 Nxg3 12. fxg3 e5 13. dxe5 Qb6+ 14. Kh1 Qxb2 15. Nb3 Qxc3 16. Rc1 Qb4 17. Bb1 g6 18. Nbd4 Bg4 19. Nxc6 bxc6 20. Rxc6 Rac8 21. Rxc8 Rxc8 22. h3 Be6 23. Nd4 Qb6 24. Bc2 Bc5 25. Nxe6 Qxe6 26. Bb3 Qxe5 27. Bxd5 Rc7 28. Qf3 Qe7 29. Qg4 Qd6 30. Qe4 Kg7 31. Qf3 f5 32. g4 Rd7 33. Bb3 f4 34. Qe4 Re7 35. Qc4 Be3 36. Qg8+ Kf6 37. h4 g5 38. Qf8+ Ke5 39. Qf5+ Kd4 40. Rd1+ Kc3 41. Rxd6 Bb6 42. Qf6+ 1-0

[Event "EIRCC 2019"]
[Site "Tallinn"]
[Date "2019.12.06"]
[Round "13.26"]
[White "Chibukhchyan, Erik"]
[Black "Potapov, Alexander"]
[Result "1/2-1/2"]
[WhiteElo "2211"]
[BlackElo "2359"]
[Annotator "NA"]
[PlyCount "133"]
[EventDate "2019.12.05"]
[EventType "swiss"]
[EventCountry "EST"]
[SourceTitle "playchess.com"]
[Source "ChessBase"]
[SourceQuality "1"]

1. e4 e5 2. Nf3 Nc6 3. Bb5 a6 4. Bxc6 dxc6 5. O-O f6 6. d4 exd4 7. Nxd4 c5 8. Ne2 Qxd1 9. Rxd1 Bd7 10. Bf4 O-O-O 11. Nbc3 Ne7 12. Rd2 Bc6 13. Rxd8+ Kxd8 14. Rd1+ Kc8 15. f3 h5 16. Be3 Ng6 17. Nf4 Nxf4 18. Bxf4 Be7 19. Nd5 Bd8 20. h3 Re8 21. Nc3 b5 22. Kf2 c4 23. Nd5 Bd7 24. g4 c6 25. Nc3 g5 26. Bg3 Bb6+ 27. Kg2 hxg4 28. hxg4 Rh8 29. a3 a5 30. Ne2 Be3 31. c3 Rh7 32. Rd6 Rf7 33. Bf2 Bxf2 34. Kxf2 Kc7 35. Rd2 c5 36. Ng3 Rh7 37. Nh5 Rf7 38. Ke3 Be6 39. Kf2 a4 40. Kg3 b4 41. f4 bxa3 42. bxa3 gxf4+ 43. Nxf4 Bc8 44. Nd5+ Kc6 45. Rb2 Kd6 46. Kf4 Bd7 47. Ne3 Kc7 48. Nd5+ Kd6 49. Rb6+ Bc6 50. Ne3 Kc7 51. Rb2 Re7 52. Nd5+ Bxd5 53. exd5 Re5 54. d6+ Kxd6 55. Rb6+ Kd5 56. Rxf6 Re4+ 57. Kf3 Re1 58. Kf4 Rc1 59. g5 Rxc3 60. g6 Rc1 61. g7 Rf1+ 62. Ke3 Rg1 63. Rf5+ Kc6 64. Rf7 c3 65. Kd3 Rg3+ 66. Kc2 Kb5 67. Ra7 1/2-1/2

[Event "EIRCC 2019"]
[Site "Tallinn"]
[Date "2019.12.06"]
[Round "13.27"]
[White "Horvath, Dominik"]
[Black "Shishkov, Andrei"]
[Result "1-0"]
[WhiteElo "2306"]
[BlackElo "2352"]
[Annotator "NA"]
[PlyCount "81"]
[EventDate "2019.12.05"]
[EventType "swiss"]
[EventCountry "EST"]
[SourceTitle "playchess.com"]
[Source "ChessBase"]
[SourceQuality "1"]

1. Nf3 Nf6 2. c4 e6 3. g3 d5 4. d4 dxc4 5. Bg2 Nc6 6. Qa4 Bb4+ 7. Bd2 Nd5 8. Qb5 Bxd2+ 9. Nbxd2 c3 10. bxc3 Nxc3 11. Qd3 Nd5 12. O-O O-O 13. Rfc1 a5 14. e4 Nde7 15. a3 b6 16. h4 Bb7 17. Nc4 h6 18. Rd1 a4 19. d5 exd5 20. exd5 Na5 21. Nfe5 Nxc4 22. Nxc4 Rb8 23. Rac1 Nc8 24. Qc2 Nd6 25. Nxd6 Qxd6 26. Qxa4 Ra8 27. Qc2 Qxa3 28. Qxc7 Rac8 29. Qf4 Rfd8 30. Rc7 Rxc7 31. Qxc7 Qa8 32. Qxb6 Rd7 33. Qb5 Qd8 34. Re1 Kf8 35. Bh3 Re7 36. Qc5 Ke8 37. Qb5+ Kf8 38. Qc5 Ke8 39. Rd1 Qc7 40. Qb5+ Kd8 41. d6 1-0

[Event "EIRCC 2019"]
[Site "Tallinn"]
[Date "2019.12.06"]
[Round "13.28"]
[White "Pershin, Denis"]
[Black "Nasibullin, Iskander"]
[Result "1-0"]
[WhiteElo "2509"]
[BlackElo "2270"]
[Annotator "ChessBase"]
[PlyCount "95"]
[EventDate "2019.12.05"]
[EventType "swiss"]
[EventCountry "EST"]
[SourceTitle "playchess.com"]
[Source "ChessBase"]
[SourceQuality "1"]

1. d4 Nf6 2. c4 e6 3. Nc3 Bb4 4. Qc2 O-O 5. e4 d5 6. e5 Ne4 7. Bd3 f5 8. exf6 Qxf6 9. Nf3 Qg6 10. Ng5 Nc6 11. Bxe4 dxe4 12. Qxe4 Qxe4+ 13. Ngxe4 Nxd4 14. O-O c6 15. Be3 Nc2 16. Rad1 e5 17. Bc5 Bxc5 18. Nxc5 Bf5 19. Nxb7 Rab8 20. Nd6 Bg6 21. b3 Rf4 22. Ne2 Rf6 23. Ng3 Nd4 24. Nde4 Rf4 25. f3 Rbf8 26. Rfe1 R4f7 27. Nd6 Rf6 28. c5 h6 29. Rxe5 Ne6 30. Nde4 Bxe4 31. Nxe4 Rg6 32. Rd6 Nf4 33. Rxg6 Nxg6 34. Re6 Nf4 35. Rxc6 Rf5 36. Rd6 Rf7 37. c6 Rc7 38. Nc5 Kf7 39. Rd7+ Rxd7 40. cxd7 Ke7 41. Kf2 Nd5 42. a4 Nb4 43. Ke3 Nc6 44. Ke4 Kd6 45. b4 a5 46. b5 Nd8 47. Kd4 Nf7 48. b6 1-0

[Event "EIRCC 2019"]
[Site "Tallinn"]
[Date "2019.12.06"]
[Round "13.29"]
[White "Heinzel, Olaf"]
[Black "Ionov, Sergey"]
[Result "1-0"]
[WhiteElo "2269"]
[BlackElo "2480"]
[Annotator "ChessBase"]
[PlyCount "83"]
[EventDate "2019.12.05"]
[EventType "swiss"]
[EventCountry "EST"]
[SourceTitle "playchess.com"]
[Source "ChessBase"]
[SourceQuality "1"]

1. d4 Nf6 2. Bf4 c5 3. e3 Qb6 4. Nc3 d6 5. a3 Nbd7 6. Nf3 g6 7. h3 Bg7 8. Be2 O-O 9. O-O a6 10. Re1 Qc7 11. a4 b6 12. Bh2 cxd4 13. exd4 e6 14. Bf1 Bb7 15. Nd2 Rfe8 16. Nc4 Bf8 17. Ne3 Qc6 18. Be2 e5 19. Bf3 e4 20. Be2 d5 21. Nb1 Bd6 22. Bxd6 Qxd6 23. c4 dxc4 24. Bxc4 Rad8 25. Nc3 Kg7 26. Ba2 Nf8 27. d5 N8d7 28. Qd4 Qe5 29. Rad1 Nc5 30. Qxe5 Rxe5 31. Nc4 Ree8 32. Nxb6 Nd3 33. Re2 Nb4 34. Bc4 a5 35. Bb5 Re7 36. d6 Re6 37. Nc4 Nbd5 38. Nxa5 Nxc3 39. bxc3 Ba8 40. d7 Nd5 41. Rxd5 Bxd5 42. c4 1-0

[Event "EIRCC 2019"]
[Site "Tallinn"]
[Date "2019.12.06"]
[Round "13.30"]
[White "Rocha, Sergio"]
[Black "Cerveny, Martin"]
[Result "0-1"]
[WhiteElo "2249"]
[BlackElo "2432"]
[Annotator "NA"]
[PlyCount "102"]
[EventDate "2019.12.05"]
[EventType "swiss"]
[EventCountry "EST"]
[SourceTitle "playchess.com"]
[Source "ChessBase"]
[SourceQuality "1"]

1. d4 d5 2. Nf3 Nf6 3. Bf4 e6 4. e3 Bd6 5. Bd3 b6 6. c3 Bb7 7. Nbd2 O-O 8. a4 a6 9. Qb1 c5 10. Ne5 g6 11. O-O Nc6 12. Bh6 Re8 13. f4 Ne7 14. Ndf3 Nf5 15. Bxf5 exf5 16. Bg5 Be7 17. Bxf6 Bxf6 18. a5 cxd4 19. exd4 b5 20. Nd3 Qc7 21. Nfe5 Be7 22. Qc1 Rac8 23. Qd2 f6 24. Nf3 Bd6 25. g3 Re4 26. Nf2 Re7 27. Rfe1 Rxe1+ 28. Nxe1 h6 29. Ned3 g5 30. Nh3 Kh7 31. Re1 Kg6 32. Re6 Kf7 33. Qe2 g4 34. Nhf2 h5 35. b4 Qd7 36. Re3 Rxc3 37. Nc5 Rc1+ 38. Kg2 Bxc5 39. bxc5 Rc4 40. Qd2 Bc6 41. h3 Rxc5 42. dxc5 d4+ 43. Kf1 dxe3 44. Qxe3 gxh3 45. Nxh3 Qd1+ 46. Kf2 Qc2+ 47. Ke1 b4 48. Qd2 Qe4+ 49. Kd1 Qh1+ 50. Kc2 Qxh3 51. Qd6 Qg2+ 0-1

[Event "EIRCC 2019"]
[Site "Tallinn"]
[Date "2019.12.06"]
[Round "13.31"]
[White "D`costa, Lorin"]
[Black "Haitin, Ilja"]
[Result "1-0"]
[WhiteElo "2407"]
[BlackElo "2232"]
[Annotator "NA"]
[PlyCount "85"]
[EventDate "2019.12.05"]
[EventType "swiss"]
[EventCountry "EST"]
[SourceTitle "playchess.com"]
[Source "ChessBase"]
[SourceQuality "1"]

1. d4 d5 2. Bf4 Nf6 3. e3 c5 4. dxc5 Qa5+ 5. Nc3 a6 6. Bxb8 Rxb8 7. Qd4 e6 8. b4 Qa3 9. Rb1 Bd7 10. Nge2 Ba4 11. Nxa4 Qxa4 12. Nc3 Qd7 13. Be2 Be7 14. O-O O-O 15. e4 dxe4 16. Qxd7 Nxd7 17. Nxe4 Nf6 18. Bf3 Nxe4 19. Bxe4 Rfd8 20. Rfd1 f5 21. Bf3 Kf7 22. Kf1 e5 23. Rxd8 Bxd8 24. Bd5+ Kf6 25. Ke2 b6 26. cxb6 Bxb6 27. Rb3 Rc8 28. c4 a5 29. a3 Rd8 30. f3 Bc7 31. g3 g5 32. g4 Rb8 33. gxf5 Kxf5 34. c5 axb4 35. axb4 Rd8 36. Be4+ Kf4 37. b5 g4 38. b6 Bb8 39. c6 gxf3+ 40. Bxf3 Bd6 41. c7 Rg8 42. Bb7 e4 43. Rg3 1-0

[Event "EIRCC 2019"]
[Site "Tallinn"]
[Date "2019.12.06"]
[Round "13.32"]
[White "Van Foreest, Lucas"]
[Black "Lopusiewicz, Piotr"]
[Result "1-0"]
[WhiteElo "2399"]
[BlackElo "2222"]
[Annotator "NA"]
[PlyCount "43"]
[EventDate "2019.12.05"]
[EventType "swiss"]
[EventCountry "EST"]
[SourceTitle "playchess.com"]
[Source "ChessBase"]
[SourceQuality "1"]

1. e4 e5 2. Nf3 Nc6 3. Nc3 Nf6 4. d4 exd4 5. Nxd4 Bb4 6. Nxc6 bxc6 7. Bd3 O-O 8. O-O d5 9. Bd2 Bd6 10. Re1 Re8 11. h3 h6 12. Qf3 Rb8 13. exd5 Rxe1+ 14. Rxe1 cxd5 15. Nxd5 Nxd5 16. Qxd5 Bb7 17. Qf5 g6 18. Qa5 Qf8 19. Qxa7 Bc5 20. Qa4 Qd6 21. Qf4 Qb6 22. Bc3 1-0

[Event "EIRCC 2019"]
[Site "Tallinn"]
[Date "2019.12.06"]
[Round "13.33"]
[White "Vlassow, Valentin"]
[Black "Schnabel, Ralf"]
[Result "1-0"]
[WhiteElo "2394"]
[BlackElo "2220"]
[Annotator "NA"]
[PlyCount "65"]
[EventDate "2019.12.05"]
[EventType "swiss"]
[EventCountry "EST"]
[SourceTitle "playchess.com"]
[Source "ChessBase"]
[SourceQuality "1"]

1. e4 Nf6 2. e5 Nd5 3. c4 Nb6 4. c5 Nd5 5. Nc3 e6 6. d4 b6 7. cxb6 axb6 8. Nf3 Be7 9. Bd3 Ba6 10. O-O O-O 11. Re1 Bxd3 12. Qxd3 Nxc3 13. bxc3 d5 14. h4 c5 15. Ng5 g6 16. Nf3 Bxh4 17. g3 Be7 18. Kg2 Nc6 19. Bh6 Re8 20. Qe3 cxd4 21. cxd4 Ra3 22. Qf4 f5 23. exf6 Bxf6 24. Qc1 Qa8 25. Qf4 Qd8 26. Rac1 Nb4 27. Ne5 Nd3 28. Nxd3 Rxd3 29. Rc8 Qxc8 30. Qxf6 Qd7 31. Rxe6 Ra8 32. Re7 Rxg3+ 33. Kxg3 1-0

[Event "EIRCC 2019"]
[Site "Tallinn"]
[Date "2019.12.06"]
[Round "13.34"]
[White "Kourousis, Epaminondas"]
[Black "Promyshlyanskiy, Vitaliy"]
[Result "1/2-1/2"]
[WhiteElo "2392"]
[BlackElo "2211"]
[Annotator "NA"]
[PlyCount "40"]
[EventDate "2019.12.05"]
[EventType "swiss"]
[EventCountry "EST"]
[SourceTitle "playchess.com"]
[Source "ChessBase"]
[SourceQuality "1"]

1. Nf3 Nc6 2. d4 d6 3. d5 Ne5 4. Nxe5 dxe5 5. g3 e6 6. c4 Nf6 7. Bg2 Bb4+ 8. Nc3 O-O 9. O-O Bxc3 10. bxc3 Qe7 11. Qb3 Rd8 12. Ba3 Qe8 13. e4 b6 14. c5 Ba6 15. Rfd1 Qb5 16. c6 exd5 17. Be7 Re8 18. Bxf6 gxf6 19. exd5 Qc5 20. Qa4 Bc4 1/2-1/2

[Event "EIRCC 2019"]
[Site "Tallinn"]
[Date "2019.12.06"]
[Round "13.35"]
[White "Chernyak, Viktoria"]
[Black "Dragnev, Valentin"]
[Result "1/2-1/2"]
[WhiteElo "2233"]
[BlackElo "2380"]
[Annotator "NA"]
[PlyCount "48"]
[EventDate "2019.12.05"]
[EventType "swiss"]
[EventCountry "EST"]
[SourceTitle "playchess.com"]
[Source "ChessBase"]
[SourceQuality "1"]

1. c4 e6 2. Nf3 d5 3. e3 Nf6 4. Nc3 c5 5. d4 a6 6. cxd5 exd5 7. dxc5 Bxc5 8. Be2 Nc6 9. O-O O-O 10. b3 d4 11. exd4 Nxd4 12. Nxd4 Bxd4 13. Bb2 Bf5 14. Rc1 Qd7 15. Bf3 Rad8 16. Na4 Bxb2 17. Qxd7 Rxd7 18. Nxb2 b5 19. Rfd1 Rxd1+ 20. Nxd1 h6 21. Ne3 Be4 22. Bxe4 Nxe4 23. f3 Nf6 24. Rc6 Ra8 1/2-1/2

[Event "EIRCC 2019"]
[Site "Tallinn"]
[Date "2019.12.06"]
[Round "13.36"]
[White "Frischmann, Rick"]
[Black "Brendel, Oliver"]
[Result "1-0"]
[WhiteElo "2375"]
[BlackElo "2203"]
[Annotator "NA"]
[PlyCount "58"]
[EventDate "2019.12.05"]
[EventType "swiss"]
[EventCountry "EST"]
[SourceTitle "playchess.com"]
[Source "ChessBase"]
[SourceQuality "1"]

1. e4 c5 2. Nf3 g6 3. d4 cxd4 4. Qxd4 Nf6 5. Nc3 Nc6 6. Qa4 d6 7. e5 Ng4 8. exd6 Qb6 9. Nd5 Qxf2+ 10. Kd1 Qc5 11. Nc7+ Kd8 12. Nxa8 Nf2+ 13. Ke2 b5 14. Be3 bxa4 15. Bxc5 Nxh1 16. dxe7+ Bxe7 17. Rd1+ Bd7 18. Bxe7+ Kxe7 19. Nc7 Rc8 20. Nd5+ Kf8 21. Ke1 Re8+ 22. Be2 Bf5 23. c3 Ne5 24. Kf1 Ng4 25. Rd4 Be4 26. Ng5 Bxd5 27. Rxg4 Bxa2 28. Rxa4 Bb3 29. Re4 Rb8 1-0